El mozárabe / (Record no. 64554)

MARC details
000 -LEADER
campo de control de longitud fija 00742nam a2200229 i 4500
001 - NÚMERO DE CONTROL
campo de control 64554
003 - IDENTIFICADOR DE NÚMERO DE CONTROL
campo de control ES-MaACL
005 - FECHA Y HORA DE LA ÚLTIMA TRANSACCIÓN
campo de control 20251001175244.0
007 - CAMPO FIJO DE DESCRIPCIÓN FÍSICA--INFORMACIÓN GENERAL
campo de control de longitud fija t|
008 - DATOS DE LONGITUD FIJA--INFORMACIÓN GENERAL
campo de control de longitud fija 031229s1982 sp ||||1| spa d
100 1# - ENTRADA PRINCIPAL--NOMBRE DE PERSONA
Nombre de persona Fontaine, Jacques.
9 (RLIN) 51583
245 13 - MENCIÓN DEL TÍTULO
Título El mozárabe /
Mención de responsabilidad, etc. [texto de Jacques Fontaine ; fotografíaas de Zodiaque ; traducción, Victoria Bastos, Carlos Rodríguez Lafora].
260 ## - PUBLICACIÓN, DISTRIBUCIÓN, ETC.
Lugar de publicación, distribución, etc. [Madrid :
Nombre del editor, distribuidor, etc. Encuentro,
Fecha de publicación, distribución, etc. 1982]
300 ## - DESCRIPCIÓN FÍSICA
Extensión 470 p., 147 lám. ;
Dimensiones 23 cm.
490 1# - MENCIÓN DE SERIE
Mención de serie La España románica
700 0# - ENTRADA AGREGADA--NOMBRE PERSONAL
Nombre de persona Zodiaque
9 (RLIN) 118322
700 1# - ENTRADA AGREGADA--NOMBRE PERSONAL
Nombre de persona Bastos, Victoria.
9 (RLIN) 26380
700 1# - ENTRADA AGREGADA--NOMBRE PERSONAL
Nombre de persona Lafora, Carlos.
9 (RLIN) 69508
830 0# - PUNTO DE ACCESO ADICIONAL DE SERIE-TÍTULO UNIFORME
Título uniforme La España románica
9 (RLIN) 182338
852 ## - LOCALIZACIÓN
Ubicación ES-MaACL
Número de control de estantería L-2593
Sublocalización o colección R.103395
Holdings
Estatus retirado Estado de pérdida Estado de daño No para préstamo Biblioteca de origen Biblioteca actual Ubicación en estantería Fecha de adquisición Fuente de adquisición Total de préstamos Signatura topográfica completa Código de barras Visto por última vez Precio de reemplazo Tipo de ítem Koha
        Biblioteca del Ateneo de Madrid Biblioteca del Ateneo de Madrid Depósito 2 17/01/2008     L-2593 1067643 23/02/2023 23/02/2023 Libro impreso